[Event "1st Lasker Memorial GM 2019"]
[Site "Anogia"]
[Date "2019.09.14"]
[Round "4.4"]
[White "Alexakis, Dimitrios"]
[Black "Beerdsen, Thomas"]
[Result "0-1"]
[WhiteElo "2077"]
[BlackElo "2482"]
[Annotator "ChessBase"]
[PlyCount "56"]
[EventDate "2019.09.11"]
[EventType "tourn"]
[EventCountry "GRE"]
[SourceTitle "playchess.com"]
[Source "ChessBase"]
[SourceQuality "1"]
[TimeControl "40/5400+30:1800+30"]

1. e4 {[%emt 0:09:18]} c5 {[%emt 0:00:00]} 2. Nf3 {[%emt 0:00:05]} e6 {[%emt 0:00:00]} 3. d4 {[%emt 0:00:44]} cxd4 {[%emt 0:00:00]} 4. Nxd4 {[%emt 0:00:02]} Nc6 {[%emt 0:00:00]} 5. Nc3 {[%emt 0:00:15]} Qc7 {[%emt 0:00:00]} 6. Qd3 {[%emt 0:01:13]} Nf6 {[%emt 0:00:45]} 7. Ndb5 {[%emt 0:00:05]} Qb8 {[%emt 0:00:04]} 8. Qg3 {[%emt 0:00:03]} d6 {[%emt 0:00:04]} 9. Be3 {[%emt 0:00:04]} a6 {[%emt 0:00:04]} 10. Nd4 {[%emt 0:00:02]} Be7 {[%emt 0:00:23]} 11. Be2 {[%emt 0:09:25]} Bd7 {[%emt 0:13:11]} 12. f4 {[%emt 0:34:40]} O-O {[%emt 0:06:10]} 13. O-O-O {[%emt 0:09:28]} b5 {[%emt 0:09:08]} 14. e5 {[%emt 0:02:08]} dxe5 {[%emt 0:11:50]} 15. Nxc6 {[%emt 0:13:20]} Bxc6 {[%emt 0:00:06]} 16. fxe5 {[%emt 0:00:04]} Ne4 {[%emt 0:03:02]} 17. Nxe4 {[%emt 0:00:38]} Bxe4 {[%emt 0:00:06]} 18. Bd3 {[%emt 0:04:15]} Qb7 {[%emt 0:03:25]} 19. Bxe4 {[%emt 0:07:55]} Qxe4 {[%emt 0:00:07]} 20. Rd4 {[%emt 0:00:06]} Qf5 {[%emt 0:00:17]} 21. Rf4 {[%emt 0:03:47]} Qh5 {[%emt 0:05:55]} 22. Rg4 {[%emt 0:01:03]} g6 {[%emt 0:00:06]} 23. Re1 {[%emt 0:01:36]} Rac8 {[%emt 0:01:37]} 24. c3 {[%emt 0:01:05]} Qf5 {[%emt 0:03:04]} 25. Qf4 {[%emt 0:00:34]} b4 {[%emt 0:08:56]} 26. c4 {[%emt 0:00:26]} Rfd8 {[%emt 0:00:13]} 27. Re2 {[%emt 0:00:30]} Rxc4+ {[%emt 0:00:32]} 28. Qxc4 {[%emt 0:00:24]} Qf1+ {[%emt 0:00:04]} 0-1

[Event "1st Lasker Memorial GM 2019"]
[Site "Anogia"]
[Date "2019.09.14"]
[Round "4.5"]
[White "Nikolaidis, Ioannis"]
[Black "Rozentalis, Eduardas"]
[Result "1/2-1/2"]
[WhiteElo "2530"]
[BlackElo "2533"]
[Annotator "ChessBase"]
[PlyCount "29"]
[EventDate "2019.09.11"]
[EventType "tourn"]
[EventCountry "GRE"]
[SourceTitle "playchess.com"]
[Source "ChessBase"]
[SourceQuality "1"]
[TimeControl "40/5400+30:1800+30"]

1. Nf3 {[%emt 0:05:01]} Nf6 {[%emt 0:00:00]} 2. c4 {[%emt 0:00:21]} e6 {[%emt 0:00:00]} 3. d4 {[%emt 0:00:46]} b6 {[%emt 0:00:01]} 4. g3 {[%emt 0:00:30]} Bb7 {[%emt 0:00:04]} 5. Bg2 {[%emt 0:00:07]} Be7 {[%emt 0:00:05]} 6. O-O {[%emt 0:00:08]} O-O {[%emt 0:00:04]} 7. Nc3 {[%emt 0:01:10]} Ne4 {[%emt 0:00:16]} 8. Bd2 {[%emt 0:00:17]} Bf6 {[%emt 0:01:42]} 9. Rc1 {[%emt 0:02:46]} d6 {[%emt 0:03:04]} 10. d5 {[%emt 0:00:20]} Bxc3 {[%emt 0:01:03]} 11. Bxc3 {[%emt 0:00:10]} Nxc3 {[%emt 0:00:02]} 12. Rxc3 {[%emt 0:00:19]} e5 {[%emt 0:00:02]} 13. Nd2 {[%emt 0:00:30]} Nd7 {[%emt 0:03:06]} 14. f4 {[%emt 0:00:27]} exf4 {[%emt 0:05:24]} 15. gxf4 {[%emt 0:00:40]} 1/2-1/2

[Event "1st Lasker Memorial GM 2019"]
[Site "Anogia"]
[Date "2019.09.15"]
[Round "5.1"]
[White "Rozentalis, Eduardas"]
[Black "Avramidou, Anastasia"]
[Result "1-0"]
[WhiteElo "2533"]
[BlackElo "2249"]
[Annotator "ChessBase"]
[PlyCount "107"]
[EventDate "2019.09.11"]
[EventType "tourn"]
[EventCountry "GRE"]
[SourceTitle "playchess.com"]
[Source "ChessBase"]
[SourceQuality "1"]
[TimeControl "40/5400+30:1800+30"]

1. e4 {[%emt 0:00:00]} e6 {[%emt 0:04:30]} 2. d4 {[%emt 0:00:00]} d5 {[%emt 0:00:07]} 3. Nd2 {[%emt 0:00:29]} c5 {[%emt 0:00:11]} 4. Ngf3 {[%emt 0:00:37]} cxd4 {[%emt 0:00:12]} 5. exd5 {[%emt 0:03:18]} Qxd5 {[%emt 0:05:56]} 6. Bc4 {[%emt 0:00:21]} Qd8 {[%emt 0:00:54]} 7. O-O {[%emt 0:01:34]} Bd6 {[%emt 0:04:07]} 8. Ne4 {[%emt 0:04:01]} Nc6 {[%emt 0:02:47]} 9. c3 {[%emt 0:04:42]} Nf6 {[%emt 0:06:25]} 10. Nxf6+ {[%emt 0:06:07]} Qxf6 {[%emt 0:00:24]} 11. cxd4 {[%emt 0:00:12]} O-O {[%emt 0:03:57]} 12. Bg5 {[%emt 0:05:22]} Qg6 {[%emt 0:01:36]} 13. Re1 {[%emt 0:00:58]} Qh5 {[%emt 0:09:17]} 14. h3 {[%emt 0:11:38]} h6 {[%emt 0:01:26]} 15. Bd2 {[%emt 0:03:31]} b6 {[%emt 0:11:28]} 16. Re4 {[%emt 0:08:41]} Qf5 {[%emt 0:07:08]} 17. Bd3 {[%emt 0:04:59]} Qf6 {[%emt 0:00:28]} 18. Bc3 {[%emt 0:02:09]} Qd8 {[%emt 0:04:58]} 19. Bc2 {[%emt 0:06:05]} Ne7 {[%emt 0:04:24]} 20. Qd3 {[%emt 0:00:59]} f5 {[%emt 0:00:28]} 21. Ree1 {[%emt 0:01:12]} Nd5 {[%emt 0:00:18]} 22. Bb3 {[%emt 0:03:36]} Bc7 {[%emt 0:07:09]} 23. Bd2 {[%emt 0:05:42]} Qd7 {[%emt 0:02:18]} 24. Ne5 {[%emt 0:13:49]} Bxe5 {[%emt 0:00:06]} 25. Bxd5 {[%emt 0:00:24]} Bh2+ {[%emt 0:04:06]} 26. Kxh2 {[%emt 0:00:12]} Qxd5 {[%emt 0:00:05]} 27. Re5 {[%emt 0:00:13]} Qd7 {[%emt 0:00:45]} 28. Qg3 {[%emt 0:03:10]} Rf6 {[%emt 0:06:13]} 29. d5 {[%emt 0:00:09]} Bb7 {[%emt 0:00:31]} 30. Bc3 {[%emt 0:00:19]} exd5 {[%emt 0:04:09]} 31. Bd4 {[%emt 0:00:58]} f4 {[%emt 0:00:54]} 32. Qa3 {[%emt 0:01:47]} Re6 {[%emt 0:03:40]} 33. Rae1 {[%emt 0:00:15]} Rae8 {[%emt 0:00:06]} 34. Rxe6 {[%emt 0:00:39]} Rxe6 {[%emt 0:00:04]} 35. Rxe6 {[%emt 0:00:12]} Qxe6 {[%emt 0:00:04]} 36. Qxa7 {[%emt 0:00:16]} Qe4 {[%emt 0:04:20]} 37. Qxb6 {[%emt 0:02:33]} f3 {[%emt 0:00:03]} 38. g3 {[%emt 0:04:28]} Bc8 {[%emt 0:00:57]} 39. Qa7 {[%emt 0:02:29]} Bd7 {[%emt 0:00:23]} 40. Qb8+ {[%emt 0:00:00]} Kh7 {[%emt 0:00:00]} 41. Qe5 {[%emt 0:01:05]} Qxe5 {[%emt 0:02:20]} 42. Bxe5 {[%emt 0:00:05]} h5 {[%emt 0:00:04]} 43. g4 {[%emt 0:03:51]} hxg4 {[%emt 0:00:08]} 44. hxg4 {[%emt 0:00:04]} Bxg4 {[%emt 0:00:09]} 45. Kg3 {[%emt 0:00:04]} Bh5 {[%emt 0:07:20]} 46. a4 {[%emt 0:00:58]} Be8 {[%emt 0:00:05]} 47. a5 {[%emt 0:00:29]} Bb5 {[%emt 0:00:08]} 48. Kxf3 {[%emt 0:00:12]} g5 {[%emt 0:00:46]} 49. Ke3 {[%emt 0:00:16]} Bc4 {[%emt 0:01:53]} 50. Kd4 {[%emt 0:01:06]} Kg6 {[%emt 0:00:06]} 51. b3 {[%emt 0:01:28]} Bxb3 {[%emt 0:01:04]} 52. a6 {[%emt 0:00:12]} Ba4 {[%emt 0:00:57]} 53. Kc5 {[%emt 0:00:18]} Kf5 {[%emt 0:00:21]} 54. Bd4 {[%emt 0:01:19]} 1-0

[Event "1st Lasker Memorial GM 2019"]
[Site "Anogia"]
[Date "2019.09.15"]
[Round "5.2"]
[White "Beerdsen, Thomas"]
[Black "Nikolaidis, Ioannis"]
[Result "0-1"]
[WhiteElo "2482"]
[BlackElo "2530"]
[Annotator "ChessBase"]
[PlyCount "68"]
[EventDate "2019.09.11"]
[EventType "tourn"]
[EventCountry "GRE"]
[SourceTitle "playchess.com"]
[Source "ChessBase"]
[SourceQuality "1"]
[TimeControl "40/5400+30:1800+30"]

1. e4 {[%emt 0:00:00]} c6 {[%emt 0:02:42]} 2. d4 {[%emt 0:00:00]} d5 {[%emt 0:00:15]} 3. Nc3 {[%emt 0:00:00]} dxe4 {[%emt 0:00:11]} 4. Nxe4 {[%emt 0:00:00]} Nd7 {[%emt 0:00:05]} 5. Ng5 {[%emt 0:00:34]} Ngf6 {[%emt 0:00:12]} 6. Bd3 {[%emt 0:00:10]} e6 {[%emt 0:01:37]} 7. N1f3 {[%emt 0:00:06]} h6 {[%emt 0:00:49]} 8. Nxe6 {[%emt 0:00:06]} fxe6 {[%emt 0:00:06]} 9. Bg6+ {[%emt 0:00:05]} Ke7 {[%emt 0:00:04]} 10. c4 {[%emt 0:06:07]} Qc7 {[%emt 0:02:05]} 11. O-O {[%emt 0:01:09]} Kd8 {[%emt 0:01:26]} 12. Re1 {[%emt 0:14:09]} Bb4 {[%emt 0:06:43]} 13. Re2 {[%emt 0:06:49]} Nf8 {[%emt 0:04:18]} 14. Bd3 {[%emt 0:20:45]} Bd6 {[%emt 0:06:29]} 15. Ne5 {[%emt 0:08:24]} Bxe5 {[%emt 0:09:35]} 16. Rxe5 {[%emt 0:02:33]} Ke7 {[%emt 0:03:11]} 17. b3 {[%emt 0:05:57]} Kf7 {[%emt 0:03:04]} 18. Bb2 {[%emt 0:01:57]} Ng6 {[%emt 0:06:07]} 19. Qf3 {[%emt 0:03:26]} Rd8 {[%emt 0:09:59]} 20. Bxg6+ {[%emt 0:07:05]} Kxg6 {[%emt 0:01:02]} 21. g4 {[%emt 0:00:18]} Kh7 {[%emt 0:04:56]} 22. g5 {[%emt 0:04:41]} hxg5 {[%emt 0:04:17]} 23. Rxg5 {[%emt 0:00:14]} Rh8 {[%emt 0:10:22]} 24. d5 {[%emt 0:02:54]} Rf8 {[%emt 0:03:26]} 25. d6 {[%emt 0:07:43]} Qf7 {[%emt 0:02:43]} 26. Be5 {[%emt 0:03:25]} Kg8 {[%emt 0:03:11]} 27. Qg2 {[%emt 0:02:12]} Bd7 {[%emt 0:06:02]} 28. Kh1 {[%emt 0:02:14]} c5 {[%emt 0:03:38]} 29. Rg1 {[%emt 0:00:03]} Bc6 {[%emt 0:00:24]} 30. f3 {[%emt 0:00:07]} Ng4 {[%emt 0:01:16]} 31. Rxg7+ {[%emt 0:01:39]} Qxg7 {[%emt 0:00:18]} 32. Bxg7 {[%emt 0:00:06]} Rxf3 {[%emt 0:01:25]} 33. Be5 {[%emt 0:00:47]} Kh7 {[%emt 0:01:40]} 34. Rd1 {[%emt 0:00:40]} Nxe5 {[%emt 0:01:11]} 0-1

[Event "1st Lasker Memorial GM 2019"]
[Site "Anogia"]
[Date "2019.09.15"]
[Round "5.3"]
[White "Hristodoulou, Panagiotis"]
[Black "Alexakis, Dimitrios"]
[Result "1/2-1/2"]
[WhiteElo "2280"]
[BlackElo "2077"]
[Annotator "NA"]
[PlyCount "91"]
[EventDate "2019.09.11"]
[EventType "tourn"]
[EventCountry "GRE"]
[SourceTitle "playchess.com"]
[Source "ChessBase"]
[SourceQuality "1"]
[TimeControl "40/5400+30:1800+30"]

1. e4 {[%emt 0:00:00]} g6 {[%emt 0:04:34]} 2. d4 {[%emt 0:00:00]} Bg7 {[%emt 0:00:04]} 3. Nf3 {[%emt 0:00:08]} c6 {[%emt 0:00:10]} 4. h3 {[%emt 0:00:22]} d5 {[%emt 0:00:10]} 5. e5 {[%emt 0:00:17]} f6 {[%emt 0:06:57]} 6. c4 {[%emt 0:00:17]} Nh6 {[%emt 0:03:07]} 7. Nc3 {[%emt 0:00:25]} Nf7 {[%emt 0:00:29]} 8. exf6 {[%emt 0:09:57]} Bxf6 {[%emt 0:00:17]} 9. cxd5 {[%emt 0:00:11]} cxd5 {[%emt 0:00:03]} 10. Qb3 {[%emt 0:00:27]} e6 {[%emt 0:00:41]} 11. Be2 {[%emt 0:02:59]} O-O {[%emt 0:00:11]} 12. O-O {[%emt 0:00:06]} Nc6 {[%emt 0:00:09]} 13. Be3 {[%emt 0:11:04]} Nd6 {[%emt 0:01:27]} 14. Rad1 {[%emt 0:00:24]} Kh8 {[%emt 0:02:25]} 15. Bd3 {[%emt 0:14:59]} Bg7 {[%emt 0:03:17]} 16. Rfe1 {[%emt 0:04:02]} Rxf3 {[%emt 0:04:38]} 17. gxf3 {[%emt 0:00:11]} Bd7 {[%emt 0:18:33]} 18. Bf1 {[%emt 0:07:05]} Qh4 {[%emt 0:05:55]} 19. Ne2 {[%emt 0:04:09]} Rf8 {[%emt 0:07:25]} 20. Bg2 {[%emt 0:00:27]} b6 {[%emt 0:04:54]} 21. Qd3 {[%emt 0:17:21]} g5 {[%emt 0:16:35]} 22. b3 {[%emt 0:02:44]} Be8 {[%emt 0:05:09]} 23. Rc1 {[%emt 0:01:28]} Nf5 {[%emt 0:05:13]} 24. Red1 {[%emt 0:00:30]} Bf6 {[%emt 0:03:01]} 25. a3 {[%emt 0:06:04]} Rg8 {[%emt 0:01:08]} 26. Kf1 {[%emt 0:05:25]} Qh6 {[%emt 0:01:35]} 27. b4 {[%emt 0:00:34]} Nce7 {[%emt 0:02:55]} 28. b5 {[%emt 0:02:21]} Nh4 {[%emt 0:00:21]} 29. a4 {[%emt 0:00:44]} Nxg2 {[%emt 0:00:37]} 30. Kxg2 {[%emt 0:00:05]} Bg6 {[%emt 0:01:22]} 31. Qc3 {[%emt 0:01:11]} Bf5 {[%emt 0:00:23]} 32. Ng1 {[%emt 0:01:08]} Ng6 {[%emt 0:00:17]} 33. Qc7 {[%emt 0:01:07]} Qh5 {[%emt 0:01:10]} 34. Qg3 {[%emt 0:02:18]} e5 {[%emt 0:01:03]} 35. Rc6 {[%emt 0:00:10]} Nf4+ {[%emt 0:00:24]} 36. Kh2 {[%emt 0:00:08]} Qf7 {[%emt 0:00:44]} 37. Rxf6 {[%emt 0:04:24]} Qxf6 {[%emt 0:00:01]} 38. dxe5 {[%emt 0:00:05]} Qe7 {[%emt 0:00:50]} 39. e6 {[%emt 0:02:52]} h6 {[%emt 0:00:40]} 40. Bxf4 {[%emt 0:00:00]} gxf4 {[%emt 0:00:00]} 41. Qxf4 {[%emt 0:00:47]} Qxe6 {[%emt 0:09:43]} 42. Ne2 {[%emt 0:01:11]} Qxe2 {[%emt 0:18:40]} 43. Qxh6+ {[%emt 0:00:09]} Bh7 {[%emt 0:00:03]} 44. Qf6+ {[%emt 0:00:09]} Rg7 {[%emt 0:00:06]} 45. Qd8+ {[%emt 0:00:05]} Bg8 {[%emt 0:00:13]} 46. Qh4+ {[%emt 0:00:05]} 1/2-1/2

[Event "1st Lasker Memorial GM 2019"]
[Site "Anogia"]
[Date "2019.09.15"]
[Round "5.4"]
[White "Delchev, Aleksander"]
[Black "Alexakis, Georgios"]
[Result "1-0"]
[WhiteElo "2568"]
[BlackElo "2175"]
[Annotator "ChessBase"]
[PlyCount "63"]
[EventDate "2019.09.11"]
[EventType "tourn"]
[EventCountry "GRE"]
[SourceTitle "playchess.com"]
[Source "ChessBase"]
[SourceQuality "1"]
[TimeControl "40/5400+30:1800+30"]

1. d4 {[%emt 0:02:56]} Nf6 {[%emt 0:00:00]} 2. Nf3 {[%emt 0:00:07]} e6 {[%emt 0:00:00]} 3. c4 {[%emt 0:00:05]} d5 {[%emt 0:00:16]} 4. Nc3 {[%emt 0:00:38]} c6 {[%emt 0:00:46]} 5. e3 {[%emt 0:00:22]} Bd6 {[%emt 0:00:59]} 6. Bd3 {[%emt 0:01:59]} Nbd7 {[%emt 0:01:35]} 7. e4 {[%emt 0:00:08]} dxe4 {[%emt 0:04:26]} 8. Nxe4 {[%emt 0:00:05]} Nxe4 {[%emt 0:00:51]} 9. Bxe4 {[%emt 0:00:06]} Nf6 {[%emt 0:01:56]} 10. Bc2 {[%emt 0:00:27]} h6 {[%emt 0:12:14]} 11. O-O {[%emt 0:00:07]} O-O {[%emt 0:00:26]} 12. b3 {[%emt 0:02:44]} b5 {[%emt 0:07:11]} 13. c5 {[%emt 0:05:35]} Bc7 {[%emt 0:01:58]} 14. Bb2 {[%emt 0:03:03]} a5 {[%emt 0:03:14]} 15. a3 {[%emt 0:01:55]} Ba6 {[%emt 0:02:29]} 16. Re1 {[%emt 0:02:53]} b4 {[%emt 0:08:09]} 17. axb4 {[%emt 0:09:04]} axb4 {[%emt 0:00:14]} 18. Qd2 {[%emt 0:00:05]} Bb5 {[%emt 0:08:17]} 19. Rxa8 {[%emt 0:00:38]} Qxa8 {[%emt 0:00:05]} 20. Ra1 {[%emt 0:00:05]} Qd8 {[%emt 0:01:32]} 21. Qxb4 {[%emt 0:01:04]} Nd5 {[%emt 0:01:26]} 22. Qd2 {[%emt 0:01:24]} Qf6 {[%emt 0:03:52]} 23. Be4 {[%emt 0:03:19]} Rd8 {[%emt 0:03:21]} 24. g3 {[%emt 0:01:06]} Qe7 {[%emt 0:03:43]} 25. Ra7 {[%emt 0:14:54]} Rd7 {[%emt 0:06:14]} 26. Bd3 {[%emt 0:08:46]} Bxd3 {[%emt 0:08:07]} 27. Qxd3 {[%emt 0:00:23]} f6 {[%emt 0:02:51]} 28. Qa6 {[%emt 0:03:57]} e5 {[%emt 0:09:48]} 29. dxe5 {[%emt 0:01:05]} Qxc5 {[%emt 0:00:45]} 30. Ra8+ {[%emt 0:13:09]} Kf7 {[%emt 0:02:33]} 31. Qe2 {[%emt 0:05:13]} Qe7 {[%emt 0:03:13]} 32. e6+ {[%emt 0:02:05] Kxe6} 1-0

[Event "1st Lasker Memorial GM 2019"]
[Site "Anogia"]
[Date "2019.09.15"]
[Round "5.5"]
[White "Bronstein, Or"]
[Black "Colijn, Stefan"]
[Result "1/2-1/2"]
[WhiteElo "2404"]
[BlackElo "2329"]
[Annotator "NA"]
[PlyCount "47"]
[EventDate "2019.09.11"]
[EventType "tourn"]
[EventCountry "GRE"]
[SourceTitle "playchess.com"]
[Source "ChessBase"]
[SourceQuality "1"]
[TimeControl "40/5400+30:1800+30"]

1. d4 {[%emt 0:00:00]} d5 {[%emt 0:00:00]} 2. c4 {[%emt 0:00:00]} c6 {[%emt 0:00:00]} 3. Nf3 {[%emt 0:00:41]} Nf6 {[%emt 0:00:00]} 4. g3 {[%emt 0:00:25]} dxc4 {[%emt 0:00:23]} 5. Bg2 {[%emt 0:00:06]} e6 {[%emt 0:00:21]} 6. a4 {[%emt 0:02:16]} a5 {[%emt 0:00:06]} 7. Qc2 {[%emt 0:03:05]} Bb4+ {[%emt 0:07:30]} 8. Bd2 {[%emt 0:00:17]} Qe7 {[%emt 0:02:14]} 9. Na3 {[%emt 0:09:11]} Bxd2+ {[%emt 0:03:54]} 10. Nxd2 {[%emt 0:01:14]} e5 {[%emt 0:02:49]} 11. dxe5 {[%emt 0:01:41]} Qxe5 {[%emt 0:04:08]} 12. Naxc4 {[%emt 0:00:31]} Qc5 {[%emt 0:03:13]} 13. O-O {[%emt 0:03:09]} Be6 {[%emt 0:03:59]} 14. Rac1 {[%emt 0:22:07]} O-O {[%emt 0:05:54]} 15. e4 {[%emt 0:03:46]} Nbd7 {[%emt 0:04:53]} 16. Ne3 {[%emt 0:12:22]} Qxc2 {[%emt 0:08:44]} 17. Rxc2 {[%emt 0:00:02]} Nb6 {[%emt 0:00:16]} 18. f4 {[%emt 0:00:31]} Ng4 {[%emt 0:01:21]} 19. Nxg4 {[%emt 0:09:03]} Bxg4 {[%emt 0:04:26]} 20. Nb3 {[%emt 0:00:08]} Nxa4 {[%emt 0:02:01]} 21. Ra1 {[%emt 0:00:19]} Be6 {[%emt 0:00:21]} 22. Nd4 {[%emt 0:01:09]} Nb6 {[%emt 0:00:02]} 23. f5 {[%emt 0:02:17]} Bc4 {[%emt 0:00:05]} 24. b3 {[%emt 0:02:03]} 1/2-1/2

[Event "1st Lasker Memorial GM 2019"]
[Site "Anogia"]
[Date "2019.09.16"]
[Round "6.1"]
[White "Avramidou, Anastasia"]
[Black "Colijn, Stefan"]
[Result "0-1"]
[WhiteElo "2249"]
[BlackElo "2329"]
[Annotator "ChessBase"]
[PlyCount "104"]
[EventDate "2019.09.11"]
[EventType "tourn"]
[EventCountry "GRE"]
[SourceTitle "playchess.com"]
[Source "ChessBase"]
[SourceQuality "1"]
[TimeControl "40/5400+30:1800+30"]

1. Nf3 {[%emt 0:04:03]} d5 {[%emt 0:00:00]} 2. d4 {[%emt 0:00:18]} Nf6 {[%emt 0:00:16]} 3. c4 {[%emt 0:00:11]} c6 {[%emt 0:01:09]} 4. cxd5 {[%emt 0:00:08]} cxd5 {[%emt 0:00:06]} 5. Nc3 {[%emt 0:00:08]} Nc6 {[%emt 0:00:14]} 6. Bf4 {[%emt 0:00:07]} Nh5 {[%emt 0:00:21]} 7. Be5 {[%emt 0:07:42]} f6 {[%emt 0:12:56]} 8. Bg3 {[%emt 0:00:08]} e5 {[%emt 0:07:02]} 9. e3 {[%emt 0:03:05]} Nxg3 {[%emt 0:04:34]} 10. hxg3 {[%emt 0:00:12]} Be6 {[%emt 0:01:27]} 11. Bb5 {[%emt 0:05:52]} e4 {[%emt 0:03:20]} 12. Nd2 {[%emt 0:02:10]} Rc8 {[%emt 0:08:56]} 13. Qb3 {[%emt 0:12:20]} Kf7 {[%emt 0:07:46]} 14. Rc1 {[%emt 0:12:40]} Na5 {[%emt 0:03:14]} 15. Qa4 {[%emt 0:01:10]} a6 {[%emt 0:01:45]} 16. Be2 {[%emt 0:01:19]} b5 {[%emt 0:00:50]} 17. Qd1 {[%emt 0:00:06]} Bd6 {[%emt 0:01:31]} 18. g4 {[%emt 0:09:33]} Qd7 {[%emt 0:03:50]} 19. a3 {[%emt 0:10:17]} Qe7 {[%emt 0:12:41]} 20. Rh5 {[%emt 0:06:38]} g5 {[%emt 0:04:42]} 21. f3 {[%emt 0:04:44]} exf3 {[%emt 0:02:02]} 22. Bxf3 {[%emt 0:00:12]} Kg7 {[%emt 0:02:36]} 23. Kf2 {[%emt 0:00:44]} Nc4 {[%emt 0:03:08]} 24. Nxc4 {[%emt 0:00:11]} dxc4 {[%emt 0:00:32]} 25. Qc2 {[%emt 0:03:24]} Bf7 {[%emt 0:03:07]} 26. Rh3 {[%emt 0:01:25]} Bg6 {[%emt 0:00:27]} 27. Be4 {[%emt 0:04:03]} Rce8 {[%emt 0:01:22]} 28. Bf5 {[%emt 0:00:09]} Bxf5 {[%emt 0:05:03]} 29. Qxf5 {[%emt 0:00:07]} Qe6 {[%emt 0:00:04]} 30. Rf3 {[%emt 0:04:08]} h5 {[%emt 0:00:56]} 31. gxh5 {[%emt 0:00:59]} Rxh5 {[%emt 0:00:35]} 32. Qxe6 {[%emt 0:00:03]} Rxe6 {[%emt 0:00:02]} 33. Rf5 {[%emt 0:00:06]} Bb8 {[%emt 0:04:03]} 34. a4 {[%emt 0:02:52]} Kg6 {[%emt 0:00:23]} 35. Rc5 {[%emt 0:00:50]} Rxe3 {[%emt 0:00:25]} 36. axb5 {[%emt 0:01:50]} axb5 {[%emt 0:00:25]} 37. Kxe3 {[%emt 0:02:32]} Bf4+ {[%emt 0:00:02]} 38. Ke2 {[%emt 0:01:18]} Bxc1 {[%emt 0:00:02]} 39. Rxb5 {[%emt 0:00:04]} Rh4 {[%emt 0:00:23]} 40. Kd1 {[%emt 0:00:00]} Be3 {[%emt 0:00:00]} 41. d5 {[%emt 0:01:39]} Rd4+ {[%emt 0:05:09]} 42. Ke2 {[%emt 0:03:03]} Bf4 {[%emt 0:00:06]} 43. Rb6 {[%emt 0:11:16]} g4 {[%emt 0:07:00]} 44. Rc6 {[%emt 0:03:23]} Kf5 {[%emt 0:04:50]} 45. Kf1 {[%emt 0:07:21]} g3 {[%emt 0:04:20]} 46. Re6 {[%emt 0:01:32]} Be5 {[%emt 0:01:00]} 47. Ke2 {[%emt 0:04:01]} Rd3 {[%emt 0:04:40]} 48. Nd1 {[%emt 0:01:40]} Bf4 {[%emt 0:07:50]} 49. Rc6 {[%emt 0:02:04]} Rd2+ {[%emt 0:00:45]} 50. Ke1 {[%emt 0:00:03]} Rxg2 {[%emt 0:00:22]} 51. Rxc4 {[%emt 0:00:05]} Rg1+ {[%emt 0:00:14]} 52. Ke2 {[%emt 0:00:03]} Rxd1 {[%emt 0:00:11]} 0-1

[Event "1st Lasker Memorial GM 2019"]
[Site "Anogia"]
[Date "2019.09.16"]
[Round "6.2"]
[White "Alexakis, Georgios"]
[Black "Bronstein, Or"]
[Result "0-1"]
[WhiteElo "2175"]
[BlackElo "2404"]
[Annotator "RC"]
[PlyCount "118"]
[EventDate "2019.09.11"]
[EventType "tourn"]
[EventCountry "GRE"]
[SourceTitle "playchess.com"]
[Source "ChessBase"]
[SourceQuality "1"]
[TimeControl "40/5400+30:1800+30"]

1. e4 {[%emt 0:01:04]} c5 {[%emt 0:00:00]} 2. Nf3 {[%emt 0:00:21]} d6 {[%emt 0:00:00]} 3. Bb5+ {[%emt 0:00:49]} Nd7 {[%emt 0:00:00]} 4. a4 {[%emt 0:00:30]} a6 {[%emt 0:07:48]} 5. Be2 {[%emt 0:01:53]} Ngf6 {[%emt 0:00:28]} 6. Nc3 {[%emt 0:00:17]} b6 {[%emt 0:07:17]} 7. d4 {[%emt 0:05:01]} cxd4 {[%emt 0:00:14]} 8. Nxd4 {[%emt 0:04:42]} Bb7 {[%emt 0:00:50]} 9. f3 {[%emt 0:00:25]} e6 {[%emt 0:04:24]} 10. Be3 {[%emt 0:02:15]} Qc7 {[%emt 0:00:54]} 11. O-O {[%emt 0:02:40]} Be7 {[%emt 0:03:51]} 12. Qe1 {[%emt 0:08:26]} O-O {[%emt 0:09:17]} 13. Qg3 {[%emt 0:02:39]} Kh8 {[%emt 0:03:37]} 14. Rad1 {[%emt 0:07:35]} Rac8 {[%emt 0:04:35]} 15. Rd2 {[%emt 0:08:48]} Qb8 {[%emt 0:02:20]} 16. Nb3 {[%emt 0:08:30]} Bd8 {[%emt 0:17:40]} 17. Rfd1 {[%emt 0:15:50]} Bc7 {[%emt 0:00:28]} 18. Qh3 {[%emt 0:04:46]} Qa8 {[%emt 0:12:06]} 19. Bf4 {[%emt 0:02:20]} Ne5 {[%emt 0:00:21]} 20. Bg5 {[%emt 0:03:04]} Ng6 {[%emt 0:00:14]} 21. g3 {[%emt 0:01:58]} Nd7 {[%emt 0:02:41]} 22. Nd4 {[%emt 0:04:19]} Bb8 {[%emt 0:02:49]} 23. Be3 {[%emt 0:05:18]} Rfe8 {[%emt 0:02:11]} 24. Bd3 {[%emt 0:01:40]} Nde5 {[%emt 0:04:04]} 25. Re2 {[%emt 0:02:12]} Nxd3 {[%emt 0:01:59]} 26. cxd3 {[%emt 0:00:53]} d5 {[%emt 0:00:29]} 27. Nb3 {[%emt 0:00:55]} Ba7 {[%emt 0:00:49]} 28. Qg2 {[%emt 0:02:28]} Red8 {[%emt 0:01:00]} 29. Qf2 {[%emt 0:01:09]} Ne5 {[%emt 0:02:38]} 30. a5 {[%emt 0:01:22]} dxe4 {[%emt 0:00:25]} 31. dxe4 {[%emt 0:00:45]} Rxd1+ {[%emt 0:02:14]} 32. Nxd1 {[%emt 0:00:01]} Nd3 {[%emt 0:00:16]} 33. Qf1 {[%emt 0:00:42]} bxa5 {[%emt 0:01:51]} 34. Nf2 {[%emt 0:00:31]} a4 {[%emt 0:01:35]} 35. Nd4 {[%emt 0:00:35]} Ne5 {[%emt 0:01:11]} 36. Kg2 {[%emt 0:00:29]} Nc4 {[%emt 0:00:44]} 37. Nc2 {[%emt 0:00:18]} Nxb2 {[%emt 0:00:40]} 38. Na3 {[%emt 0:00:46]} Bxe3 {[%emt 0:02:52]} 39. Rxe3 {[%emt 0:00:04]} Qa7 {[%emt 0:00:07]} 40. Qe2 {[%emt 0:00:00]} Qd4 {[%emt 0:00:00]} 41. Qe1 {[%emt 0:06:29]} e5 {[%emt 0:10:21]} 42. Re2 {[%emt 0:04:33]} Nd3 {[%emt 0:00:53]} 43. Qb1 {[%emt 0:09:28]} Nc5 {[%emt 0:03:24]} 44. Nc2 {[%emt 0:04:14]} Qc4 {[%emt 0:01:22]} 45. Qd1 {[%emt 0:02:06]} Nb3 {[%emt 0:00:50]} 46. Ne3 {[%emt 0:01:02]} Qd4 {[%emt 0:00:52]} 47. Qb1 {[%emt 0:01:18]} g6 {[%emt 0:02:12]} 48. Nc2 {[%emt 0:02:22]} Qc4 {[%emt 0:00:26]} 49. Qd1 {[%emt 0:00:07]} a5 {[%emt 0:01:35]} 50. Ng4 {[%emt 0:03:00]} Ba6 {[%emt 0:06:49]} 51. Rf2 {[%emt 0:00:04]} Qd3 {[%emt 0:00:58]} 52. Qb1 {[%emt 0:00:59]} Qc3 {[%emt 0:01:09]} 53. Nce3 {[%emt 0:01:52]} Bd3 {[%emt 0:00:08]} 54. Qa2 {[%emt 0:00:31]} h5 {[%emt 0:01:03]} 55. Nf6 {[%emt 0:00:28]} Qa1 {[%emt 0:03:52]} 56. Qxa1 {[%emt 0:00:21]} Nxa1 {[%emt 0:00:02]} 57. Rd2 {[%emt 0:00:38]} Nc2 {[%emt 0:01:00]} 58. Ned5 {[%emt 0:00:35]} a3 {[%emt 0:00:11]} 59. Rxd3 {[%emt 0:00:29]} Ne1+ {[%emt 0:00:19]} 0-1